000 00752nam a2200253Ia 4500
003 OSt
005 20220926002452.0
006 a|||||r|||| 00| 0
007 ta
008 220923b |||||||| |||| 00| 0 eng d
020 _a8121500796
037 _cGeneral Book
040 _aRTL
_cRTL
_beng
041 _2eng
_aeng
082 _aV2:71.N47, P1/TD
100 _aCHAKRABARTI Dilip K
245 0 _aHistory of Indian archaeology
_b From the beginning to 1947
260 _a New Delhi
_bMunshiram Manohar Lal Publishers
_c2001
300 _aix, 262p
_ccm.
500 _aBibliography: P 239-58
650 _aArchaeology India
942 _hV2:71.N47, P1/TD
_cGB
_2CC
999 _c605145
_d605145